| 000 | 01012nam a2200265Ia 4500 | ||
|---|---|---|---|
| 003 | OSt | ||
| 005 | 20220923211407.0 | ||
| 006 | a|||||r|||| 00| 0 | ||
| 007 | ta | ||
| 008 | 220922b |||||||| |||| 00| 0 hin d | ||
| 020 |
_a9788189982355 (hbk) _c495 |
||
| 024 | _a264,333 | ||
| 037 |
_b144, 30/08/2012, Eastern Book Linkers _cTextual |
||
| 040 |
_aARTS _cARTS _bhin |
||
| 041 |
_2hin _ahin |
||
| 082 | _aO152,1N11w, Q0 | ||
| 100 |
_aपालीवाल, कृष्णदत्त, संपा. _9157127 |
||
| 245 | 0 | _aअज्ञेय से साक्षात्कार | |
| 246 | _aAjnyeya se sākṣhātkāra | ||
| 260 |
_aदिल्ली _b आर्य प्रकाशन मंडल _c2010 |
||
| 300 |
_a331पृ. _ccm. |
||
| 650 |
_aहिन्दी साहित्य _9156264 |
||
| 942 |
_hO152,1N11w, Q0 _cTEXL _2CC |
||
| 999 |
_c299060 _d299060 |
||